000 00571nam a22002057a 4500
003 OSt
005 20140310183011.0
008 130211t xxu||||| |||| 00| 0 eng d
020 _a9712327655
050 _aLB 1025.3
_b.Ac173 2000
100 _aAcero, Victorina O. et.al.
245 _aPrinciples and strategies of teaching /
_cVictorina O. Acero, Evelyn S. Javier, Hermina A. Castro.
260 _aManila :
_bRex Book Store,
_c2000.
300 _a284 p. :
_c22 cm.
521 _aEDU
562 _e1
942 _2lcc
_cBK
_kLOC
999 _c18236
_d18236